Estatísticas para 5 maiores estados brasileiros por letra contida

Clique aqui para jogar o quiz

Estatísticas Gerais

  • Esse quiz foi jogado 86 vezes
  • A pontuação média é 22 de 24

Estatísticas das Respostas

Resposta% Correto
Amazonas
99%
Rio de Janeiro
99%
Bahia
97%
Acre
96%
Mato Grosso
96%
Pará
96%
Rio Grande do Norte
96%
Rio Grande do Sul
96%
São Paulo
96%
Alagoas
94%
Minas Gerais
94%
Ceará
93%
Goiás
93%
Maranhão
93%
Mato Grosso do Sul
93%
Paraná
93%
Pernambuco
93%
Amapá
92%
Paraíba
92%
Rondônia
92%
Santa Catarina
92%
Tocantins
90%
Piauí
89%
Distrito Federal
86%

Distribuição das Pontuações

Percentil de Números Respondidos

Porcentagem de Pessoas com Cada Pontuação

Sua Pontuação Histórica

Você não jogou esse quiz